Normal view
MARC view
- Powers, David
Entry Personal Name
001 - CONTROL NUMBER
- control field: 97681
003 - CONTROL NUMBER IDENTIFIER
- control field: NUST
005 - DATE AND TIME OF LATEST TRANSACTION
- control field: 20220817112849.0
008 - FIXED-LENGTH DATA ELEMENTS
- fixed length control field: 220817|| aca||aabn | a|a d
040 ## - CATALOGING SOURCE
- Original cataloging agency: NUST
- Transcribing agency: NUST
100 ## - HEADING--PERSONAL NAME
- Personal name: Powers, David
670 ## - SOURCE DATA FOUND
- Source citation: Work cat.: (NUST)179400: Kent, Allan. 97676, PHP Web development with Macromedia Dreamweaver MX 2004 / , c2004.
